| 000 | 00432nam a2200145 a 4500 | ||
|---|---|---|---|
| 005 | 20140412111354.0 | ||
| 008 | 050704s19uu xx 00 eng d | ||
| 020 | _a0-673-18371-8 | ||
| 050 |
_aTR(GS 420.7 _bP41 1987 |
||
| 100 | _aPerez, Yvonne | ||
| 245 |
_aLet's learn english : _bSecond language activities for the primary grades / _cYvonne Perez. |
||
| 260 |
_aU.S.A : _bScott Foresman, _c1987. |
||
| 300 | _a91 | ||
| 999 |
_c105379 _d105379 |
||